header

Portable property (Record no. 63309)

MARC details
000 -LEADER
fixed length control field 01622nam a2200409 a 4500
082 04 - DEWEY DECIMAL CLASSIFICATION NUMBER
Classification number 823/.8093553
100 1# - MAIN ENTRY--AUTHOR NAME
Personal name Plotz, John,
245 10 - TITLE STATEMENT
Title Portable property
260 ## - PUBLICATION, DISTRIBUTION, ETC. (IMPRINT)
Place of publication Princeton :
Name of publisher Princeton University Press,
Year of publication c2008.
300 ## - PHYSICAL DESCRIPTION
Number of Pages xvii, 268 p. :
Other physical details ill.
650 #0 - SUBJECT ADDED ENTRY--TOPICAL TERM
Topical Term English fiction
Topical Term Material culture in literature.
Topical Term Property in literature.
Topical Term Personal belongings in literature.
Topical Term Sentimentalism in literature.
Topical Term National characteristics, British, in literature.
Topical Term Expatriation in literature.
Topical Term British
856 40 - ELECTRONIC LOCATION AND ACCESS
Uniform Resource Identifier http://site.ebrary.com/lib/rucke/Doc?id=10312557

No items available.

© 2026 Rongo University
Contact us: librarian | system librarian | Rongo university